000
00308nam a22001217a 4500
020
_a
0-04-620004-5
082
_a
621.3 BAT
100
_a
BATES MATHEW
_9
78454
245
_a
ELECTRICAL SCIENCE WORKED EXAMPLES IN ENGINEERING IN SI UNITS
260
_a
GREAT BRITAIN
_b
PDF
_c
1974
300
_a
188P
942
_c
BK
999
_c
583571
_d
583571